Central Library OPAC University of Rajshahi

Fisheries Species Diversity in Relation to Climatic Factors of Chalan Beel, Bangladesh / (Record no. 82983)

MARC details
000 -LEADER
fixed length control field 01130nam a2200265 a 4500
001 - CONTROL NUMBER
RUCL Control Number 82983
003 - CONTROL NUMBER IDENTIFIER
rucl marc code BD-RjUL
005 - DATE AND TIME OF LATEST TRANSACTION
control field 20240206162214.0
008 - FIXED-LENGTH DATA ELEMENTS--GENERAL INFORMATION
fixed length control field 240206s2017 bg a|||| m||| 00| 0 eng d
035 ## - SYSTEM CONTROL NUMBER
system control number (BD-RjUL)82983
040 ## - CATALOGING SOURCE
Original cataloging agency BD-RjUL
Language of cataloging eng
Transcribing agency BD-RjUL
Modifying agency BD-RjUL
041 ## - LANGUAGE CODE
Language code of Book eng
082 ## - DEWEY DECIMAL CLASSIFICATION NUMBER
DDC Edition number 23
Classification number 597.095492
Author mark and Year SIF 2017
100 ## - MAIN ENTRY--PERSONAL NAME
Personal name Siddique, Md. Abu Bakar
9 (RLIN) 11514
245 10 - TITLE STATEMENT
Title Fisheries Species Diversity in Relation to Climatic Factors of Chalan Beel, Bangladesh /
Statement of responsibility, etc By, Md. Abu Bakar Siddique ;
Name of Supervisor/Co-Supervisor Supervisor : Muhammad Afzal Hussain, Co-Supervisor : M. Manjurul Alam, Co-Supervisor : Fawzia Adib Fiowra,
260 ## - PUBLICATION, DISTRIBUTION, ETC. (IMPRINT)
Place of publication, distribution, etc Rajshahi :
Name of publisher, distributor, etc Department of Fisheries, University of Rajshahi,
Date of publication, distribution, etc 2017
300 ## - PHYSICAL DESCRIPTION
Pagination xiii, 220 Leaves :
Other physical details ill, ;
Dimensions 29 cm.
502 ## - DISSERTATION NOTE
Dissertation note Thesis (Ph. D.) -- Department of Fisheries, University of Rajshahi, 2017
504 ## - BIBLIOGRAPHY, ETC. NOTE
Bibliography, etc References : Leaves [169]-205
650 ## - SUBJECT ADDED ENTRY--TOPICAL TERM
Topical term or geographic name as entry element Fisheries
Form subdivision Climatic
Geographic subdivision Bangladesh
9 (RLIN) 11515
700 ## - ADDED ENTRY--SUPERVISOR/CO-SUPERVISOR NAME
Personal name Hussain, Muhammad Afzal, Supervisor
9 (RLIN) 11516
Personal name Alam, M. Manjurul, Co-Supervisor
9 (RLIN) 6014
Personal name Fiowra, Fawzia Adib, Co-Supervisor
9 (RLIN) 11517
942 ## - ADDED ENTRY ELEMENTS (KOHA)
Source of classification or shelving scheme Dewey Decimal Classification
Koha item type Theses
Holdings
Source of classification or shelving scheme Damaged status Not for loan Collection code Permanent Location Current Location Shelving location Date of accession Source of acquisition Total Checkouts Full call number Barcode Date last seen Copy number Thesis
Dewey Decimal Classification   Not For Loan Theses Central Library, University of Rajshahi Central Library, University of Rajshahi Documentation Section 29/04/2019 Controller of Exam. R. U.   THE 597.095492 SIF 2017 D4242 06/02/2024 C-I Theses